[Event "WchT Blitz Pool A"]
[Site "London"]
[Date "2025.06.14"]
[Round "8.6"]
[White "Phulpin, Theo"]
[Black "Demir, Aleyna"]
[Result "1-0"]
[WhiteElo "1773"]
[BlackElo "1651"]
[PlyCount "74"]
[EventDate "2025.06.14"]
[EventType "team-tourn"]
[EventRounds "13"]
[EventCountry "ENG"]
[SourceTitle "CB25_2025"]
[SourceDate "2025.06.18"]
[SourceVersion "1"]
[SourceVersionDate "2025.06.18"]
[SourceQuality "1"]
[WhiteTeam "Knight Dance"]
[BlackTeam "Istanbul Satranc"]
[WhiteTeamCountry "FRA"]
[BlackTeamCountry "TUR"]

1. d4 Nf6 2. Bf4 d6 3. e3 h6 4. c3 Bf5 5. Bd3 Bxd3 6. Qxd3 Nh5 7. Bg3 Nxg3 8. hxg3 Nd7 9. Nd2 e5 10. 0-0-0 Qf6 11. Ne4 Qe7 12. Nf3 0-0-0 13. g4 d5 14. Ng3 e4 15. Qb5 exf3 16. Qxd5 fxg2 17. Qxg2 Nb6 18. Nf5 Qe6 19. Kb1 Nc4 20. e4 Qb6 21. f4 g6 22. Qe2 Ba3 23. b3 Na5 24. Nxh6 Rhf8 25. Qc2 Nc4 26. g5 Ne3 27. Qd2 Nxd1 28. Rxd1 a5 29. f5 gxf5 30. Nxf5 a4 31. b4 Qe6 32. Qd3 c5 33. d5 Qe5 34. Qc4 Qc7 35. d6 Qb6 36. Ne7+ Kb8 37. Nd5 Qa6 1-0

[Event "WchT Blitz Pool A"]
[Site "London"]
[Date "2025.06.14"]
[Round "10.6"]
[White "Phulpin, Theo"]
[Black "McCallum, Elliot"]
[Result "0-1"]
[WhiteElo "1773"]
[BlackElo "1924"]
[PlyCount "60"]
[EventDate "2025.06.14"]
[EventType "team-tourn"]
[EventRounds "13"]
[EventCountry "ENG"]
[SourceTitle "CB25_2025"]
[SourceDate "2025.06.18"]
[SourceVersion "1"]
[SourceVersionDate "2025.06.18"]
[SourceQuality "1"]
[WhiteTeam "Knight Dance"]
[BlackTeam "Allez-Y Initiative!"]
[WhiteTeamCountry "FRA"]
[BlackTeamCountry "DEN"]

1. d4 d5 2. Bf4 c5 3. c3 Nc6 4. Qd2 Nf6 5. e3 Ne4 6. Qc2 Bf5 7. f3 Ng3 8. Bd3 Bxd3 9. Qxd3 Nxh1 10. Nd2 e6 11. 0-0-0 Nf2 12. Qe2 Nxd1 13. Qxd1 Bd6 14. Bxd6 Qxd6 15. dxc5 Qxc5 16. e4 dxe4 17. Nxe4 Qe3+ 18. Kc2 0-0 19. Ne2 Rfd8 20. Qe1 Qd3+ 21. Kc1 Rac8 22. Nf4 Qd7 23. Nh5 Kh8 24. b3 Nb4 25. Qg3 Qd1+ 26. Kb2 Qc2+ 27. Ka3 Qxa2+ 28. Kxb4 a5+ 29. Kb5 Qxb3+ 30. Kxa5 Ra8# 0-1

[Event "WchT Blitz Pool A"]
[Site "London"]
[Date "2025.06.14"]
[Round "3.6"]
[White "Platschek, Luca"]
[Black "Phulpin, Theo"]
[Result "1-0"]
[WhiteElo "1626"]
[BlackElo "1773"]
[PlyCount "71"]
[EventDate "2025.06.14"]
[EventType "team-tourn"]
[EventRounds "13"]
[EventCountry "ENG"]
[SourceTitle "CB25_2025"]
[SourceDate "2025.06.18"]
[SourceVersion "1"]
[SourceVersionDate "2025.06.18"]
[SourceQuality "1"]
[WhiteTeam "xChess.AI"]
[BlackTeam "Knight Dance"]
[WhiteTeamCountry "ROU"]
[BlackTeamCountry "FRA"]

1. d4 f5 2. Nf3 Nf6 3. e3 g6 4. Bd3 Bg7 5. Nbd2 0-0 6. 0-0 d6 7. e4 fxe4 8. Nxe4 Nxe4 9. Bxe4 c6 10. c3 Nd7 11. h3 Nf6 12. Bc2 Nd5 13. Qe2 Nf4 14. Bxf4 Rxf4 15. Rae1 Rb8 16. Bb3+ d5 17. Ne5 Bxe5 18. Qxe5 Rf7 19. Qxb8 Rf5 20. Qg3 Kg7 21. Re5 Rf7 22. Rfe1 Bf5 23. R1e2 e6 24. Bc2 Bxc2 25. Rxc2 Qa5 26. Rxe6 Qxa2 27. Qe5+ Kh6 28. Re2 Qb1+ 29. Kh2 Qf1 30. Qe3+ Kg7 31. Re7 Rxe7 32. Qxe7+ Kh6 33. Qh4+ Kg7 34. Re7+ Kf8 35. Qxh7 Qxf2 36. Qg7# 1-0

[Event "WchT Blitz Pool A"]
[Site "London"]
[Date "2025.06.14"]
[Round "11.6"]
[White "Sailaubay, Aldiyar"]
[Black "Phulpin, Theo"]
[Result "1-0"]
[WhiteElo "1910"]
[BlackElo "1773"]
[PlyCount "85"]
[EventDate "2025.06.14"]
[EventType "team-tourn"]
[EventRounds "13"]
[EventCountry "ENG"]
[SourceTitle "CB25_2025"]
[SourceDate "2025.06.18"]
[SourceVersion "1"]
[SourceVersionDate "2025.06.18"]
[SourceQuality "1"]
[WhiteTeam "Ashdod Elit CC"]
[BlackTeam "Knight Dance"]
[WhiteTeamCountry "ISR"]
[BlackTeamCountry "FRA"]

1. e4 c5 2. Nc3 d6 3. Nge2 Nf6 4. d4 cxd4 5. Nxd4 a6 6. Bd3 e6 7. Be3 b5 8. a3 Bb7 9. Qe2 Be7 10. f4 Nbd7 11. 0-0 0-0 12. Nb3 Rc8 13. Kh1 Nc5 14. Nxc5 dxc5 15. e5 Nd5 16. Nxd5 Qxd5 17. Rad1 g6 18. c4 Qc6 19. cxb5 axb5 20. Bxb5 Qb6 21. Rd7 Rc7 22. Rxc7 Qxc7 23. Rd1 Bc6 24. Bc4 Rb8 25. b3 Qa5 26. a4 Qc3 27. Qd2 Qxd2 28. Rxd2 Kf8 29. Kg1 Ke8 30. Kf2 Rb7 31. g3 Rd7 32. Rxd7 Kxd7 33. Ke2 Bd5 34. Kd3 Kc6 35. Kc3 Bd8 36. Bb5+ Kb6 37. Be8 f6 38. Bb5 fxe5 39. fxe5 Be7 40. Bh6 Ka5 41. Bg7 Bg5 42. Bf6 Be3 43. Bd8# 1-0

[Event "WchT Blitz Pool A"]
[Site "London"]
[Date "2025.06.14"]
[Round "5.6"]
[White "Schuster, Rebekka"]
[Black "Phulpin, Theo"]
[Result "0-1"]
[WhiteElo "1806"]
[BlackElo "1773"]
[PlyCount "49"]
[EventDate "2025.06.14"]
[EventType "team-tourn"]
[EventRounds "13"]
[EventCountry "ENG"]
[SourceTitle "CB25_2025"]
[SourceDate "2025.06.18"]
[SourceVersion "1"]
[SourceVersionDate "2025.06.18"]
[SourceQuality "1"]
[WhiteTeam "Berlin Lasker Legends"]
[BlackTeam "Knight Dance"]
[WhiteTeamCountry "GER"]
[BlackTeamCountry "FRA"]

1. e4 d6 2. Bc4 Nf6 3. d3 g6 4. f4 Bg7 5. Nf3 a6 6. c3 b5 7. Bb3 Bb7 8. 0-0 e6 9. Be3 0-0 10. Nbd2 Qe7 11. Bc2 c5 12. d4 Nbd7 13. Qe1 Ng4 14. Bf2 Nxf2 15. Qxf2 Rac8 16. f5 exf5 17. exf5 Nf6 18. Rae1 Qc7 19. fxg6 fxg6 20. Qg3 Nh5 21. Qh4 b4 22. Bb1 bxc3 23. bxc3 Qc6 24. g4 Nf4 25. Ng5 0-1

[Event "WchT Rapid"]
[Site "London"]
[Date "2025.06.13"]
[Round "10.6"]
[White "Phulpin, Theo"]
[Black "Smolinski, Wojciech"]
[Result "0-1"]
[WhiteElo "1754"]
[BlackElo "1929"]
[PlyCount "119"]
[EventDate "2025.06.11"]
[EventType "team-swiss"]
[EventRounds "12"]
[EventCountry "ENG"]
[SourceTitle "CB25_2025"]
[SourceDate "2025.06.18"]
[SourceVersion "1"]
[SourceVersionDate "2025.06.18"]
[SourceQuality "1"]
[WhiteTeam "Knight Dance"]
[BlackTeam "Katowice Hetman"]
[WhiteTeamCountry "FRA"]
[BlackTeamCountry "POL"]

1. e4 c5 2. d4 cxd4 3. Qxd4 Nc6 4. Qd3 Nf6 5. Nc3 g6 6. Nf3 d6 7. Be2 Bg7 8. 0-0 0-0 9. Nd5 Bg4 10. Bg5 Bxf3 11. Bxf3 Ne5 12. Qb3 Nxf3+ 13. Qxf3 Nxd5 14. exd5 Qd7 15. c3 Rac8 16. Qe3 Rfe8 17. Qxa7 Qf5 18. Be3 Qxd5 19. Rfd1 Qe4 20. Qa5 Qc4 21. Qd5 Qa6 22. a4 Rc4 23. a5 Rec8 24. Bb6 R4c6 25. Re1 e5 26. Rad1 Bf8 27. Re3 Qc4 28. Qxc4 Rxc4 29. Rd5 Be7 30. g3 f5 31. Rdd3 Kf7 32. b3 R4c6 33. c4 Ke6 34. h4 Bd8 35. Bxd8 Rxd8 36. Rd5 Ra8 37. Rb5 Ra7 38. f3 Rc5 39. Rxc5 dxc5 40. Rd3 Rxa5 41. Kf2 Ra3 42. Ke3 b6 43. Kd2 e4 44. fxe4 fxe4 45. Re3 Ke5 46. Kc3 Ra2 47. Re1 Rf2 48. Re3 Rf3 49. Kd2 Rxe3 50. Kxe3 h5 51. Ke2 Kd4 52. Kd2 e3+ 53. Ke2 Ke4 54. Kf1 Kf3 55. Ke1 e2 56. b4 cxb4 57. c5 bxc5 58. g4 hxg4 59. h5 gxh5 60. Kd2 0-1

[Event "WchT Rapid"]
[Site "London"]
[Date "2025.06.13"]
[Round "9.6"]
[White "Rosenstein, Wadim"]
[Black "Phulpin, Theo"]
[Result "0-1"]
[WhiteElo "1704"]
[BlackElo "1754"]
[PlyCount "154"]
[EventDate "2025.06.11"]
[EventType "team-swiss"]
[EventRounds "12"]
[EventCountry "ENG"]
[SourceTitle "CB25_2025"]
[SourceDate "2025.06.18"]
[SourceVersion "1"]
[SourceVersionDate "2025.06.18"]
[SourceQuality "1"]
[WhiteTeam "WR Chess"]
[BlackTeam "Knight Dance"]
[WhiteTeamCountry "GER"]
[BlackTeamCountry "FRA"]

1. c4 f5 2. Nf3 Nf6 3. g3 g6 4. Bg2 Bg7 5. 0-0 0-0 6. Nc3 d6 7. d4 Qe8 8. Re1 Qf7 9. b3 Ne4 10. Qc2 Nxc3 11. Qxc3 Nc6 12. Bb2 e5 13. dxe5 h6 14. e6 Bxe6 15. Qxg7+ Qxg7 16. Bxg7 Kxg7 17. Rad1 Rae8 18. Nd4 Bd7 19. Nb5 Rc8 20. e4 a6 21. Nc3 fxe4 22. Rxe4 Bf5 23. Re3 Rce8 24. Rde1 Rxe3 25. Rxe3 Rf7 26. f4 Bd7 27. Bd5 Rf8 28. Bg2 Rf7 29. Nd5 Bf5 30. Nc3 Bd7 31. h4 Bf5 32. Kf2 Kf8 33. Ne2 Re7 34. Bxc6 bxc6 35. Nd4 Rxe3 36. Kxe3 Bd7 37. Ke4 c5 38. Ne2 Bc6+ 39. Ke3 Ke7 40. g4 Kf6 41. Nc3 Ke6 42. Ne4 Bd7 43. Ng3 c6 44. f5+ gxf5 45. Nxf5 Ke5 46. Nxh6 d5 47. g5 d4+ 48. Kf3 Be8 49. Ng4+ Kf5 50. Nf6 Bf7 51. Kg3 a5 52. Kf3 Be6 53. Ne4 Bf7 54. Nxc5 Bh5+ 55. Kg3 Ke5 56. Nd7+ Kf5 57. Nc5 Ke5 58. Nd3+ Ke4 59. Nf4 d3 60. Nxh5 d2 61. Nf6+ Kd4 62. g6 d1Q 63. Kf4 Qd2+ 64. Kf5 Qh6 65. Ng4 Qxh4 66. Ne5 Qh5+ 67. Kf6 Qxe5+ 68. Kf7 Kc3 69. g7 Qf5+ 70. Ke7 Qg6 71. Kf8 Qf6+ 72. Kg8 Kb2 73. Kh7 Qf7 74. Kh8 Qxg7+ 75. Kxg7 Kxa2 76. Kf6 Kxb3 77. c5 Kc4 0-1

[Event "WchT Rapid"]
[Site "London"]
[Date "2025.06.12"]
[Round "7.6"]
[White "Phulpin, Theo"]
[Black "Nurakyn, Suleiman"]
[Result "0-1"]
[WhiteElo "1754"]
[BlackElo "1880"]
[PlyCount "62"]
[EventDate "2025.06.11"]
[EventType "team-swiss"]
[EventRounds "12"]
[EventCountry "ENG"]
[SourceTitle "CB25_2025"]
[SourceDate "2025.06.18"]
[SourceVersion "1"]
[SourceVersionDate "2025.06.18"]
[SourceQuality "1"]
[WhiteTeam "Knight Dance"]
[BlackTeam "Barys.kz"]
[WhiteTeamCountry "FRA"]
[BlackTeamCountry "KAZ"]

1. e4 c6 2. c4 d5 3. exd5 cxd5 4. cxd5 Nf6 5. Nc3 Nxd5 6. Nf3 Nc6 7. d4 e6 8. Bd3 Be7 9. 0-0 0-0 10. a3 b6 11. Nxd5 Qxd5 12. Qc2 f5 13. Bc4 Qd6 14. Rd1 Na5 15. Ba2 Bb7 16. Ne5 Rac8 17. Qe2 Bd5 18. b4 Nb3 19. Rb1 Nxc1 20. Rbxc1 Bf6 21. Bxd5 Qxd5 22. Nf3 Rfd8 23. Qa6 Rxc1 24. Rxc1 Bxd4 25. Qxa7 e5 26. Nxd4 Qxd4 27. h3 e4 28. Rc7 e3 29. Rc1 exf2+ 30. Kf1 Qd3+ 31. Kxf2 Qd2+ 0-1

[Event "WchT Rapid"]
[Site "London"]
[Date "2025.06.11"]
[Round "3.6"]
[White "Imomkuzieva, Nilufarkhon"]
[Black "Phulpin, Theo"]
[Result "1-0"]
[WhiteElo "1943"]
[BlackElo "1754"]
[PlyCount "111"]
[EventDate "2025.06.11"]
[EventType "team-swiss"]
[EventRounds "12"]
[EventCountry "ENG"]
[SourceTitle "CB25_2025"]
[SourceDate "2025.06.18"]
[SourceVersion "1"]
[SourceVersionDate "2025.06.18"]
[SourceQuality "1"]
[WhiteTeam "Uzbekistan"]
[BlackTeam "Knight Dance"]
[WhiteTeamCountry "UZB"]
[BlackTeamCountry "FRA"]

1. e4 c5 2. Nf3 d6 3. d4 cxd4 4. Nxd4 Nf6 5. Nc3 a6 6. h3 e6 7. g4 h6 8. Bg2 Qc7 9. h4 Nc6 10. g5 Nxd4 11. Qxd4 hxg5 12. hxg5 Rxh1+ 13. Bxh1 Nd7 14. f4 b5 15. Be3 Bb7 16. 0-0-0 Rc8 17. Rd2 Qa5 18. Kb1 Nc5 19. a3 Qc7 20. Bg1 e5 21. Qe3 Ne6 22. f5 Nd4 23. Qh3 Nc6 24. Nd5 Qa5 25. Qd3 b4 26. a4 Nd4 27. Bxd4 exd4 28. Qxd4 Qxa4 29. Nb6 Qb5 30. Nxc8 Bxc8 31. Bf3 Qf1+ 32. Bd1 Qb5 33. Be2 Qb7 34. Qd5 Qb6 35. Bh5 Qg1+ 36. Rd1 Qxg5 37. Qxf7+ Kd8 38. Qxf8+ Kc7 39. Qxd6+ Kb7 40. Qxb4+ Kc7 41. Be8 Qg4 42. Qc5+ Kb7 43. Bc6+ Kc7 44. Bd5+ Kd8 45. Bb3+ Qxd1+ 46. Ka2 Qe1 47. Qf8+ Kc7 48. Qxg7+ Bd7 49. Qe5+ Kd8 50. f6 a5 51. f7 Qb4 52. Qf6+ Kc7 53. f8Q a4 54. Q8d8+ Kb7 55. Bd5+ Ka7 56. Qa8# 1-0

[Event "Lille Luce op 7th"]
[Site "Lille"]
[Date "2016.04.12"]
[Round "5"]
[White "Phulpin, Theo"]
[Black "Lefebvre, Jeremie"]
[Result "0-1"]
[WhiteElo "1565"]
[BlackElo "1927"]
[PlyCount "48"]
[EventDate "2016.04.09"]
[EventType "swiss"]
[EventRounds "7"]
[EventCountry "FRA"]
[SourceTitle "CBM 171 Extra"]
[Source "ChessBase"]
[SourceDate "2016.04.26"]
[SourceVersion "1"]
[SourceVersionDate "2016.04.26"]
[SourceQuality "1"]

1. e4 c5 2. Nf3 Nc6 3. d4 cxd4 4. Nxd4 Nf6 5. Nc3 e5 6. Ndb5 d6 7. Bg5 a6 8. Bxf6 gxf6 9. Na3 b5 10. Nd5 Bg7 11. Qf3 0-0 12. c3 f5 13. exf5 e4 14. Qe2 Bxf5 15. Ne3 Be6 16. g4 Ne5 17. 0-0-0 Bxa2 18. Nf5 b4 19. Qxe4 bxa3 20. Rxd6 axb2+ 21. Kxb2 Rb8+ 22. Kc1 Qa5 23. Qd4 Qa3+ 24. Kd2 Nf3+ 0-1